| 000 | 00427nam a2200157Ia 4500 | ||
|---|---|---|---|
| 008 | 210210b2005 xxu||||| |||| 00| 0 eng d | ||
| 020 | _a1 904994 04 0 | ||
| 082 | _a032.02 GUIN | ||
| 100 | _aGUINNESS | ||
| 245 | _aGuinness world records 2006. | ||
| 260 |
_aBarcelona, Spain _bGuinness World Records Ltd. _c2005 |
||
| 300 | _a288 | ||
| 650 | _aGuinness world Records 2006 | ||
| 690 | _aGeneral Knowledge | ||
| 906 | _aSG04611 | ||
| 999 |
_c115372 _d115372 |
||